| 000 | 00435nam a2200145Ia 4500 | ||
|---|---|---|---|
| 008 | 160114s9999 xx 000 0 und d | ||
| 020 | _a9781407103501 | ||
| 050 | _a900 | ||
| 050 | _b.D285t 2003 | ||
| 100 | _aDeary, Terry. | ||
| 245 | 4 |
_aThe Horrible History of the World / _cTerry Deary. |
|
| 260 |
_aMalaysia : _bTien Wah Press Pte. Ltd _c2003 |
||
| 300 |
_a96 pages; _bill. (some col.) ; |
||
| 440 | _aHorrible Histories Handbooks. | ||
| 999 |
_c290280 _d290280 |
||